Theologiae Dogmaticae Compendium in usum Studiosorum Theologiae

Guardat en:
Dades bibliogràfiques
Autor principal: Hurter, H (Autor)
Format: Llibre
Idioma:llatí
Publicat: Innsbruck Libraria Academica Wagneriana 1909
Edició:12a. ed
Matèries:
Etiquetes: Afegir etiqueta
Sense etiquetes, Sigues el primer a etiquetar aquest registre!

MARC

LEADER 00000cam a2200000 a 4500
001 UCD2441
003 CL-VaPUC
008 160428e19090000au |||||||||||||||||lat|d
082 0 4 |a 241  |b HUR  |2 21 
100 |a Hurter, H  |e author  |9 586052 
245 1 0 |a Theologiae Dogmaticae Compendium in usum Studiosorum Theologiae 
250 |a 12a. ed 
300 |a t 
942 |c BK 
945 |d 20160428 21:50:00  |a dcastane 
260 |a Innsbruck  |b Libraria Academica Wagneriana  |c 1909 
650 0 |a Teología dogmática   |9 313198 
583 |a last modification  |c 20160428 21:50:00  |k Rodrigo Vera 
999 |c 363603  |d 363601 
952 |0 0  |1 0  |3 erd  |4 0  |6 241_000000000000000_HUR_1909  |7 0  |8 X  |9 476133  |a BIBTEO  |b BIBTEO  |c TEO_FFR  |h t.1  |i 5227658  |o 241 HUR 1909  |p 5227658  |r 2024-01-18  |w 2019-11-24  |y BK_X  |z Catalogado en:20160428  |k OFM 
952 |0 0  |1 0  |3 erd  |4 0  |6 241_000000000000000_HUR_1909  |7 0  |8 X  |9 476134  |a BIBTEO  |b BIBTEO  |c TEO_FFR  |h t.2  |i 5227666  |o 241 HUR 1909  |p 5227666  |r 2024-01-18  |w 2019-11-24  |y BK_X  |z Catalogado en:20160428  |k OFM 
952 |0 0  |1 0  |3 erd  |4 0  |6 241_000000000000000_HUR_1909  |7 0  |8 X  |9 476135  |a BIBTEO  |b BIBTEO  |c TEO_FFR  |h t.3  |i 5227674  |o 241 HUR 1909  |p 5227674  |r 2024-01-18  |w 2019-11-24  |y BK_X  |z Catalogado en:20160428  |k OFM